History Quiz

Random History Quiz
Score 0/27 Timer 07:00
0 Plays Today
Hint Answer % Correct
Royal Navy [Force H]Hood
90.9%
Royal Navy [Force H]Ark Royal
86.4%
Marine NationaleDunkerque
86.4%
Marine NationaleBretagne
77.3%
Royal Navy [Force H]Arethusa
72.7%
Royal Navy [Force H]Resolution
68.2%
Royal Navy [Force H]Valiant
68.2%
Marine NationaleMogador
59.1%
Marine NationaleStrasbourg
50%
Marine NationaleProvence
40.9%
Marine NationaleCommandant Teste
27.3%
Royal Navy [Force H]Enterprise
9.1%
Royal Navy [Force H]Foxhound
9.1%
Royal Navy [Force H]Forester
9.1%
Hint Answer % Correct
Royal Navy [Force H]Escort
9.1%
Royal Navy [Force H]Wrestler
9.1%
Marine NationaleTerrible
9.1%
Marine NationaleTigre
9.1%
Royal Navy [Force H]Faulknor
4.5%
Royal Navy [Force H]Fearless
4.5%
Royal Navy [Force H]Keppel
4.5%
Royal Navy [Force H]Active
4.5%
Royal Navy [Force H]Vidette
4.5%
Royal Navy [Force H]Vortigern
4.5%
Marine NationaleVolta
4.5%
Marine NationaleKersaint
4.5%
Marine NationaleLynx
4.5%
Remove Ads.
Support Sporcle.
Get the best of Sporcle when you Go Orange. This ad-free experience offers more features, more stats, and more fun while also helping to support Sporcle. Thank you for becoming a member.

You're not logged in!

Compare scores with friends on all Sporcle quizzes.
OR
Log In

Show Comments

Extras

Created Dec 18, 2014ReportNominate
Tags:1940, attack, Involved, ship

Top Quizzes Today


Score Distribution

Your Account Isn't Verified!

In order to create a playlist on Sporcle, you need to verify the email address you used during registration. Go to your Sporcle Settings to finish the process.

Report this User

Report this user for behavior that violates our Community Guidelines.

Details: